[Event "Int. Stuttgarter Stadtmeisterschaft B"]
[Site "Ditzingen"]
[Date "2013.05.12"]
[Round "7.9"]
[White "Munk, Werner"]
[Black "Spielberger, Horst"]
[Result "1/2-1/2"]
[WhiteElo "1732"]
[BlackElo "1893"]
[PlyCount "72"]
[EventDate "2013.??.??"]
[WhiteTeam "TSV Heumaden"]
[BlackTeam "SC Ismaning"]

1. Nf3 Nf6 2. g3 c6 3. Bg2 d6 4. O-O Bg4 5. d3 Qd7 6. Re1 e5 7. Nbd2 Na6 8. e4
Nc5 9. Nf1 Be7 10. Ne3 h5 11. h4 Ne6 12. c3 Nh7 13. Nxg4 hxg4 14. Nh2 g5 15.
hxg5 Nhxg5 16. Bxg5 Bxg5 17. Nxg4 O-O-O 18. Qe2 Rdg8 19. Bf3 f6 20. Kg2 Rg7 21.
Rh1 Rhg8 22. Rag1 c5 23. Qd1 Qb5 24. Qc2 Kb8 25. Be2 Qb6 26. Qb3 Qxb3 27. axb3
Kc7 28. Nh6 Bxh6 29. Rxh6 Rg6 30. Rgh1 Kc6 31. Rxg6 Rxg6 32. Kf1 Ng7 33. Bf3 a5
34. Rh4 b5 35. Rg4 Rg5 36. Rh4 Rg6 1/2-1/2

[Event "Int. Stuttgarter Stadtmeisterschaft B"]
[Site "Ditzingen"]
[Date "2013.05.12"]
[Round "7.10"]
[White "Notz, Lukas"]
[Black "Rudhart, Michael"]
[Result "0-1"]
[WhiteElo "1757"]
[BlackElo "1890"]
[PlyCount "51"]
[EventDate "2013.??.??"]
[WhiteTeam "SV Dettingen Erms"]
[BlackTeam "DJK Stuttgart-Süd"]

1. d4 d5 2. Bf4 Nf6 3. e3 Nbd7 4. Nf3 e6 5. Nbd2 c5 6. c3 a6 7. Bd3 c4 8. Bc2
b5 9. a3 Bb7 10. Ne5 Be7 11. Ndf3 O-O 12. h4 Ne4 13. Ng5 Nxe5 14. dxe5 Qb6 15.
Qh5 h6 16. Rh3 f5 17. Nxe4 fxe4 18. Bxh6 Rf5 19. Qg6 Bf8 20. Bf4 Bc5 21. Rg3
Rf7 22. h5 Re8 23. Bd1 Ree7 24. Bg5 Re8 25. h6 Be7 26. h7+ 0-1

[Event "Int. Stuttgarter Stadtmeisterschaft B"]
[Site "Ditzingen"]
[Date "2013.05.12"]
[Round "7.11"]
[White "Erfle, Christian"]
[Black "Meissner, Michael"]
[Result "1/2-1/2"]
[WhiteElo "1724"]
[BlackElo "1885"]
[PlyCount "68"]
[EventDate "2013.??.??"]
[WhiteTeam "SC Tamm 74"]

1. d4 Nf6 2. Nf3 g6 3. c4 Bg7 4. Nc3 d6 5. e4 O-O 6. h3 Na6 7. Be3 c5 8. d5 Nc7
9. a4 e6 10. Qd2 exd5 11. exd5 Re8 12. Bd3 Na6 13. O-O Nb4 14. Bb1 Nd7 15. Bh6
Ne5 16. Nxe5 Bxe5 17. Bg5 Bf6 18. Bxf6 Qxf6 19. Ne4 Qe5 20. f4 Qe7 21. Qc3 f5
22. Nf6+ Kf7 23. Nxe8 Qxe8 24. Re1 Qd8 25. Ra3 Bd7 26. Qd2 Qc7 27. Rae3 Re8 28.
Rxe8 Bxe8 29. b3 Bd7 30. Bd3 a6 31. Bf1 Qd8 32. Kh2 Qf6 33. g3 h5 34. h4 a5
1/2-1/2

[Event "Int. Stuttgarter Stadtmeisterschaft B"]
[Site "Ditzingen"]
[Date "2013.05.12"]
[Round "7.12"]
[White "Wiessner, Johann"]
[Black "Degenhard, Simon"]
[Result "1/2-1/2"]
[WhiteElo "1861"]
[BlackElo "1711"]
[PlyCount "49"]
[EventDate "2013.??.??"]
[WhiteTeam "SC Lechhausen"]
[BlackTeam "SF HN-Biberach 1978 e.V."]

1. d4 d5 2. c4 e6 3. Nf3 c5 4. g3 Nc6 5. cxd5 exd5 6. Bg2 Nf6 7. Nc3 Be7 8. O-O
O-O 9. Bf4 a6 10. Rc1 cxd4 11. Nxd4 Be6 12. Nxc6 bxc6 13. Na4 Rc8 14. Nc5 Qa5
15. Nxe6 fxe6 16. Bh3 Kf7 17. a3 Qd8 18. Qd3 Qb6 19. Be5 c5 20. Rc2 Kg8 21.
Rfc1 c4 22. Qd4 Bc5 23. Qf4 Nd7 24. Qg5 Nxe5 25. Qxe5 1/2-1/2

[Event "Int. Stuttgarter Stadtmeisterschaft B"]
[Site "Ditzingen"]
[Date "2013.05.12"]
[Round "7.13"]
[White "Tönjes, Jürgen"]
[Black "Baumeister, Jürgen"]
[Result "1-0"]
[WhiteElo "1689"]
[BlackElo "1849"]
[PlyCount "113"]
[EventDate "2013.??.??"]
[WhiteTeam "SF Lilienthal von 1971"]
[BlackTeam "SC Asperg"]

1. d4 Nf6 2. c4 Nc6 3. Nf3 e6 4. Nc3 d5 5. e3 a6 6. Be2 dxc4 7. Bxc4 b5 8. Bd3
Nb4 9. Bb1 Bb7 10. a3 Nbd5 11. Bd2 c5 12. Nxd5 Bxd5 13. dxc5 Bxc5 14. Bc3 O-O
15. O-O Qe7 16. Qc2 Ne4 17. Nd2 f5 18. Nxe4 Bxe4 19. Qe2 Bb7 20. Kh1 e5 21.
Ba2+ Kh8 22. b4 Bd6 23. Rfd1 Rad8 24. Bd5 Bb8 25. Bxb7 Qxb7 26. Rxd8 Rxd8 27.
Rd1 Re8 28. Qh5 Qc6 29. Rc1 Qe6 30. Qe2 h6 31. g3 Kh7 32. Kg2 g5 33. Qd3 e4 34.
Qd4 Be5 35. Qxe5 Qxe5 36. Bxe5 Rxe5 37. Rc6 Rd5 38. Rxa6 g4 39. h3 h5 40. hxg4
hxg4 41. Ra5 Rd3 42. Rxb5 Rxa3 43. Rxf5 Rb3 44. b5 Kg6 45. Rf4 Rxb5 46. Rxe4
Kg5 47. Rf4 Rb2 48. Kf1 Ra2 49. Rd4 Ra1+ 50. Ke2 Ra2+ 51. Rd2 Ra3 52. e4 Kf6
53. Rd3 Ra2+ 54. Ke3 Rb2 55. Rd2 Rb3+ 56. Kf4 Rb4 57. Re2 1-0

[Event "Int. Stuttgarter Stadtmeisterschaft B"]
[Site "Ditzingen"]
[Date "2013.05.12"]
[Round "7.14"]
[White "Muench, Werner"]
[Black "Schmitz, Harald"]
[Result "1/2-1/2"]
[WhiteElo "1841"]
[BlackElo "1717"]
[PlyCount "36"]
[EventDate "2013.??.??"]
[WhiteTeam "SC Widdern"]
[BlackTeam "SG Fasanenhof"]

1. d4 Nf6 2. c4 g6 3. Nc3 d5 4. Nf3 Bg7 5. Qb3 dxc4 6. Qxc4 O-O 7. e4 c6 8. Be2
Nbd7 9. O-O Nb6 10. Qd3 Be6 11. Be3 Bc4 12. Qd2 Bxe2 13. Qxe2 e6 14. Rad1 Qc7
15. Ne5 Nfd7 16. f4 Rad8 17. Rd2 Nxe5 18. fxe5 Rd7 1/2-1/2

[Event "Int. Stuttgarter Stadtmeisterschaft B"]
[Site "Ditzingen"]
[Date "2013.05.12"]
[Round "7.15"]
[White "Ziegler, Michael"]
[Black "Zimmermann, Tobias"]
[Result "0-1"]
[WhiteElo "1658"]
[BlackElo "1734"]
[PlyCount "106"]
[EventDate "2013.??.??"]
[WhiteTeam "SF 59 Kornwestheim"]
[BlackTeam "SC Schachmatt Botnang"]

1. e4 c5 2. Nf3 e6 3. Nc3 a6 4. a4 Qc7 5. Be2 d6 6. O-O Nf6 7. Re1 Be7 8. e5
dxe5 9. Nxe5 Bd6 10. Nf3 b6 11. d4 cxd4 12. Qxd4 O-O 13. Qh4 Bb7 14. Bg5 Nbd7
15. Bxf6 Nxf6 16. Ng5 h6 17. Nf3 Be7 18. Qh3 Rac8 19. Bd3 Bb4 20. Ne5 Bxc3 21.
bxc3 Qxc3 22. Rad1 Rfd8 23. Re3 Be4 24. Rf1 Qxe5 25. Bxe4 Nxe4 26. f3 Rxc2 27.
Rxe4 Qc5+ 28. Kh1 Rf2 29. Rg1 Rdd2 30. Rg4 h5 31. Rh4 g6 32. Qg3 Qd6 33. Qg5
Rd5 34. Qe3 Rfd2 35. Rc4 Rd1 36. Rc8+ Kh7 37. Qc3 Rxg1+ 38. Kxg1 Rd1+ 39. Kf2
Qd4+ 40. Qxd4 Rxd4 41. Rc6 Rxa4 42. Rxb6 h4 43. Rb1 g5 44. g3 hxg3+ 45. hxg3
Kg6 46. Rb7 Ra1 47. Ke3 a5 48. Ra7 a4 49. Kd3 Kf6 50. g4 a3 51. Kc2 a2 52. Kb2
Rf1 53. Kxa2 Rxf3 0-1

[Event "Int. Stuttgarter Stadtmeisterschaft B"]
[Site "Ditzingen"]
[Date "2013.05.12"]
[Round "7.16"]
[White "Tölg, Wolfgang"]
[Black "Handel, Oliver"]
[Result "0-1"]
[WhiteElo "1782"]
[BlackElo "1705"]
[PlyCount "40"]
[EventDate "2013.??.??"]
[WhiteTeam "SF Oeffingen e.V."]
[BlackTeam "SF 59 Kornwestheim"]

1. e4 e5 2. f4 Bc5 3. Nf3 d6 4. d4 exd4 5. Nxd4 Nf6 6. Nc3 O-O 7. Be2 Re8 8.
Nb3 Bb6 9. e5 dxe5 10. fxe5 Qxd1+ 11. Nxd1 Rxe5 12. Nc3 Bg4 13. Bf4 Re6 14. Kd2
Bxe2 15. Nxe2 Ne4+ 16. Ke1 Nc6 17. Rf1 Rae8 18. Kd1 Nf2+ 19. Rxf2 Bxf2 20. Nc3
Re1+ 0-1

[Event "Int. Stuttgarter Stadtmeisterschaft B"]
[Site "Ditzingen"]
[Date "2013.05.12"]
[Round "7.17"]
[White "Schreiber, Stephan"]
[Black "Vogel, Karlheinz"]
[Result "1-0"]
[WhiteElo "1779"]
[BlackElo "1706"]
[PlyCount "73"]
[EventDate "2013.??.??"]
[WhiteTeam "SC Schachmatt Botnang"]
[BlackTeam "TSV Untergruppenb."]

1. d4 Nf6 2. Bf4 g6 3. e3 Bg7 4. Be2 d6 5. h3 O-O 6. Nf3 c5 7. c3 cxd4 8. exd4
d5 9. Nbd2 Nc6 10. O-O h6 11. Ne5 Qb6 12. Nxc6 Qxc6 13. Qb3 a6 14. Rfe1 Be6 15.
Nf3 Nd7 16. Bd3 Bxh3 17. Be5 Nxe5 18. Nxe5 Bxe5 19. Rxe5 Bf5 20. Bxf5 gxf5 21.
Rxe7 b5 22. Re5 Rad8 23. Rxf5 Rfe8 24. Qd1 Qg6 25. Qf3 Re2 26. Qxe2 Qxf5 27.
Re1 Kh7 28. Qe5 Qg6 29. Qc7 Rg8 30. g3 Rg7 31. Qb7 Qd3 32. Re3 Qb1+ 33. Kg2
Qxa2 34. Qd7 h5 35. Qf5+ Kh6 36. Qf6+ Rg6 37. Qh8+ 1-0

[Event "Int. Stuttgarter Stadtmeisterschaft B"]
[Site "Ditzingen"]
[Date "2013.05.12"]
[Round "7.18"]
[White "Zerweck, Christoph"]
[Black "Gorb, Eugeniusz"]
[Result "1-0"]
[WhiteElo "1774"]
[BlackElo "1630"]
[PlyCount "75"]
[EventDate "2013.??.??"]
[WhiteTeam "SV Herrenberg e.V."]
[BlackTeam "SC Gross-Sachsenheim"]

1. e4 e6 2. b3 d5 3. Bb2 c5 4. Bb5+ Bd7 5. Qe2 a6 6. Bxd7+ Qxd7 7. exd5 Qxd5 8.
Nf3 Nd7 9. Nc3 Qh5 10. O-O Ngf6 11. Ne4 Be7 12. Rfe1 O-O 13. Rad1 Nd5 14. a3
Qg6 15. Ne5 Nxe5 16. Bxe5 f5 17. Nc3 Nf6 18. Bg3 Rae8 19. Qxe6+ Kh8 20. Be5 Qh5
21. f3 c4 22. Qxc4 Nd7 23. Bg3 f4 24. Bxf4 Bh4 25. Bg3 Bxg3 26. hxg3 Qg5 27.
Ne4 Qg6 28. d4 Nb6 29. Qd3 Rf5 30. Nc5 Rxe1+ 31. Rxe1 Qf7 32. Qe4 g6 33. Qe8+
Kg7 34. Re7 Nd5 35. Rxf7+ Rxf7 36. Qe5+ Nf6 37. g4 Kg8 38. c4 1-0

[Event "Int. Stuttgarter Stadtmeisterschaft B"]
[Site "Ditzingen"]
[Date "2013.05.12"]
[Round "7.19"]
[White "Zeh, Dominik"]
[Black "Bischof, Jan"]
[Result "1/2-1/2"]
[WhiteElo "1763"]
[BlackElo "1574"]
[PlyCount "35"]
[EventDate "2013.??.??"]
[WhiteTeam "Stuttgarter SF 1879"]
[BlackTeam "SGem Vaihingen-Rohr"]

1. d4 f5 2. c4 Nf6 3. g3 g6 4. Bg2 Bg7 5. Nf3 d6 6. O-O O-O 7. Nc3 c6 8. b3 Qc7
9. Bf4 Nh5 10. Rc1 Nxf4 11. gxf4 a6 12. d5 Nd7 13. Nd4 Bxd4 14. Qxd4 c5 15. Qd2
Nf6 16. f3 Bd7 17. a4 b5 18. axb5 1/2-1/2

[Event "Int. Stuttgarter Stadtmeisterschaft B"]
[Site "Ditzingen"]
[Date "2013.05.12"]
[Round "7.20"]
[White "Zeitler, Waldemar"]
[Black "Fuchs, Egbert"]
[Result "1/2-1/2"]
[WhiteElo "1523"]
[BlackElo "1706"]
[PlyCount "116"]
[EventDate "2013.??.??"]
[WhiteTeam "SC Gross-Sachsenheim"]
[BlackTeam "SVG Vaihingen/Enz"]

1. d4 Nf6 2. Nc3 d5 3. Nf3 Bf5 4. Bf4 e6 5. a3 Be7 6. e3 O-O 7. h3 c6 8. Bd3
Re8 9. Bxf5 exf5 10. O-O Nbd7 11. Ne2 Ne4 12. Nd2 Rc8 13. c3 c5 14. Nxe4 fxe4
15. Bh2 c4 16. Nf4 Nf6 17. Nh5 Rc6 18. Nxf6+ Rxf6 19. a4 Qd7 20. Ra2 Rg6 21.
Kh1 h6 22. b3 cxb3 23. Qxb3 Rc8 24. Rc2 Rc4 25. Qb5 Rgc6 26. Rb1 b6 27. Bg3 Qe6
28. Rb3 Bf8 29. Kh2 Rc8 30. a5 bxa5 31. Qxa5 a6 32. Rb6 R4c6 33. Rcb2 Qd7 34.
Rxc6 Qxc6 35. Rb6 Qxc3 36. Qxc3 Rxc3 37. Rxa6 g6 38. Be5 Rc8 39. Bd6 Rd8 40.
Bxf8 Kxf8 41. Kg3 Ke7 42. f3 exf3 43. gxf3 Rd6 44. Ra7+ Ke6 45. Ra8 Rb6 46. Rh8
h5 47. Kf4 Rb1 48. Ra8 Rh1 49. Ra6+ Ke7 50. Kg3 Re1 51. Ra3 Ke6 52. Kf2 Rh1 53.
Kg3 Rg1+ 54. Kf2 Rg5 55. e4 h4 56. Ra6+ Ke7 57. Ra7+ Ke6 58. Ra6+ Ke7 1/2-1/2

[Event "Int. Stuttgarter Stadtmeisterschaft B"]
[Site "Ditzingen"]
[Date "2013.05.12"]
[Round "7.21"]
[White "Pocrnic, Josip"]
[Black "Zeldin, Boris"]
[Result "1-0"]
[WhiteElo "1865"]
[BlackElo "1633"]
[PlyCount "73"]
[EventDate "2013.??.??"]
[WhiteTeam "SF 1954 Conweiler e.V."]
[BlackTeam "SV Rottweil"]

1. e4 e5 2. Nf3 Nc6 3. Bb5 a6 4. Ba4 b5 5. Bb3 d5 6. a4 Bd7 7. O-O Be7 8. Nc3
b4 9. Nxd5 Nf6 10. Nxe7 Qxe7 11. Re1 Bg4 12. c3 O-O 13. h3 Bh5 14. Bd5 Nxd5 15.
exd5 Na7 16. cxb4 Rab8 17. Qb3 Bxf3 18. Qxf3 Rxb4 19. d4 f6 20. b3 Rfb8 21. Rb1
Rxa4 22. dxe5 Ra5 23. e6 Nc8 24. Be3 Rab5 25. Rec1 a5 26. Qe4 R8b7 27. f4 g6
28. Ra1 Nb6 29. Bxb6 R7xb6 30. Rxc7 Qxc7 31. e7 Rb8 32. e8=Q+ Kg7 33. Q8e7+
Qxe7 34. Qxe7+ Kh6 35. Qxf6 Rxd5 36. Re1 Rxb3 37. Re7 1-0

[Event "Int. Stuttgarter Stadtmeisterschaft B"]
[Site "Ditzingen"]
[Date "2013.05.12"]
[Round "7.22"]
[White "Schreiber, Winfried"]
[Black "Häfele, Torsten"]
[Result "0-1"]
[WhiteElo "1573"]
[BlackElo "1855"]
[PlyCount "44"]
[EventDate "2013.??.??"]
[BlackTeam "SVG Vaihingen/Enz"]

1. c4 f5 2. Nf3 Nf6 3. d4 d6 4. Nc3 g6 5. Bg5 Bg7 6. Bxf6 Bxf6 7. e3 O-O 8. Bd3
c6 9. O-O e5 10. dxe5 dxe5 11. e4 f4 12. Qe2 g5 13. h3 g4 14. hxg4 Bxg4 15.
Rad1 Qe8 16. b4 Qg6 17. g3 Bh3 18. Rfe1 fxg3 19. fxg3 Qxg3+ 20. Kh1 Bg7 21. Nh2
Rf2 22. Rg1 Qxh2# 0-1

[Event "Int. Stuttgarter Stadtmeisterschaft B"]
[Site "Ditzingen"]
[Date "2013.05.12"]
[Round "7.23"]
[White "Rasch, Wolfgang"]
[Black "Peng, Yimeh-Stella"]
[Result "1-0"]
[WhiteElo "1688"]
[BlackElo "1400"]
[PlyCount "141"]
[EventDate "2013.??.??"]
[BlackTeam "TSG Öhringen"]

1. d4 d5 2. c4 e6 3. Nc3 Nf6 4. Bg5 c6 5. cxd5 exd5 6. e3 Be7 7. Nf3 O-O 8. Bd3
Bg4 9. Qc2 h6 10. Bxf6 Bxf6 11. h3 Bh5 12. O-O-O Nd7 13. Kb1 Bxf3 14. gxf3 Re8
15. Ne2 Bh4 16. Nf4 Qf6 17. Rdg1 Bg5 18. Rg4 Nf8 19. h4 Bxf4 20. Rxf4 Qd6 21.
Rg1 Qc7 22. Rfg4 Ne6 23. f4 f6 24. Bf1 Re7 25. Qg6 Nf8 26. Qxf6 Kh8 27. Qf5 Rf7
28. Qd3 b6 29. Be2 Rd8 30. Rc1 Rd6 31. Rgg1 Qe7 32. h5 Qh4 33. Rgf1 Rc7 34. Qf5
Qe7 35. Rc3 Re6 36. Qc2 c5 37. Bf3 Qd6 38. Rc1 Nd7 39. Bg4 Rf6 40. Bxd7 Rxd7
41. dxc5 bxc5 42. Rxc5 Qe7 43. Rc8+ Rd8 44. Rxd8+ Qxd8 45. Qc8 Qxc8 46. Rxc8+
Kh7 47. Rc1 Kg8 48. a4 Rf5 49. Rh1 Kf7 50. Kc2 d4 51. Kd3 dxe3 52. fxe3 Ke6 53.
Ke4 Rc5 54. b3 Rc3 55. Rg1 Kf6 56. Rg6+ Kf7 57. Ra6 Rxb3 58. Rxa7+ Kf6 59. Kf3
Rc3 60. a5 Rc5 61. Kg4 Rc3 62. e4 Ra3 63. a6 Ra1 64. Ra8 Kf7 65. Kf5 Ra5+ 66.
e5 Ra1 67. a7 Ra2 68. e6+ Ke7 69. Kg6 Rg2+ 70. Kh7 Ra2 71. Rg8 1-0

[Event "Int. Stuttgarter Stadtmeisterschaft B"]
[Site "Ditzingen"]
[Date "2013.05.12"]
[Round "7.24"]
[White "Tsybulevsky, Juri"]
[Black "Eylandt, Guenter"]
[Result "0-1"]
[WhiteElo "1676"]
[BlackElo "1504"]
[PlyCount "104"]
[EventDate "2013.??.??"]
[WhiteTeam "Stuttgarter SF 1879"]
[BlackTeam "SV Rottweil"]

1. d4 d5 2. e3 Nf6 3. c4 c6 4. Nc3 e6 5. Nf3 Bd6 6. Bd3 Nbd7 7. O-O a6 8. Re1
b5 9. c5 Be7 10. a3 Qc7 11. e4 dxe4 12. Nxe4 h6 13. g3 Nd5 14. Nc3 N7f6 15. Be3
Bd7 16. Ne5 Rd8 17. Bd2 Bc8 18. Qf3 Rf8 19. Rac1 Qb7 20. Na2 Nd7 21. Ng4 N7f6
22. Ne5 Nd7 23. Ng4 N7f6 24. Ba5 Nxg4 25. Qxg4 Nf6 26. Qf4 Nd5 27. Qf3 Rd7 28.
Bc3 Bf6 29. Be4 Qa8 30. Rcd1 a5 31. Qg2 Bb7 32. f4 Kd8 33. f5 exf5 34. Bxf5 Re7
35. Rxe7 Nxe7 36. Be4 Kc7 37. Qf3 Rd8 38. Qf4+ Kc8 39. Bf3 Kd7 40. Bg4+ Ke8 41.
Qc7 Nd5 42. Qxa5 Kf8 43. Qxa8 Bxa8 44. Nb4 Ne3 45. Rd3 Nxg4 46. Kg2 h5 47. h3
Nh6 48. Kf3 Nf5 49. Nc2 Ne7 50. h4 Bb7 51. Nb4 Bc8 52. Ke4 Bf5+ 0-1

[Event "Int. Stuttgarter Stadtmeisterschaft B"]
[Site "Ditzingen"]
[Date "2013.05.12"]
[Round "7.25"]
[White "Ellinger, Harald"]
[Black "Vasiliadis, Paraskevas"]
[Result "1/2-1/2"]
[WhiteElo "1854"]
[BlackElo "1656"]
[PlyCount "84"]
[EventDate "2013.??.??"]
[WhiteTeam "SK e4 Gerlingen"]
[BlackTeam "SF Oeffingen e.V."]

1. Nf3 Nf6 2. d4 d5 3. c4 e6 4. Nc3 c6 5. e3 Nbd7 6. a3 Bd6 7. Qc2 O-O 8. Bd3
e5 9. dxe5 Nxe5 10. Nxe5 Bxe5 11. cxd5 Bxc3+ 12. Qxc3 Qxd5 13. O-O Ne4 14. Bxe4
Qxe4 15. f3 Qe7 16. b4 Be6 17. Bb2 f6 18. Rad1 Rad8 19. e4 Rd7 20. e5 fxe5 21.
Qxe5 Bc4 22. Rxd7 Qxd7 23. Re1 a6 24. h3 Rf6 25. Qe8+ Qxe8 26. Rxe8+ Rf8 27.
Re3 Kf7 28. Re4 Bd5 29. Re5 g6 30. Kf2 Re8 31. h4 Rxe5 32. Bxe5 Ke6 33. f4 Kf5
34. g3 h5 35. Ke3 b6 36. Bc7 Kg4 37. Bxb6 Kxg3 38. Bd8 Kg4 39. Bg5 Kf5 40. Kd4
Ke6 41. Kc5 Kd7 42. a4 Bf3 1/2-1/2

[Event "Int. Stuttgarter Stadtmeisterschaft B"]
[Site "Ditzingen"]
[Date "2013.05.12"]
[Round "7.26"]
[White "Klemens, Peter"]
[Black "Gottwald, Helmut"]
[Result "0-1"]
[WhiteElo "1811"]
[BlackElo "1582"]
[PlyCount "59"]
[EventDate "2013.??.??"]
[WhiteTeam "Karlsruher SF 1853"]
[BlackTeam "SV Dicker Turm Esslingen"]

1. d4 Nf6 2. Bf4 e6 3. e3 d5 4. c3 Bd6 5. Bg3 Bxg3 6. hxg3 Nbd7 7. Nf3 h6 8.
Bd3 Qe7 9. Nbd2 e5 10. Nxe5 Nxe5 11. dxe5 Qxe5 12. Nf3 Qe7 13. Qc2 c6 14. O-O
Ne4 15. c4 Bd7 16. cxd5 cxd5 17. Qb3 Bc6 18. Bb5 O-O 19. Rad1 Nc5 20. Qb4 a5
21. Qa3 Bxb5 22. Rxd5 Bxf1 23. Kxf1 Rfc8 24. Re5 Qd6 25. Kg1 Qd1+ 26. Kh2 Ne6
27. Nh4 Rc1 28. Kh3 Ng5+ 29. Rxg5 hxg5 30. Nf3 0-1

[Event "Int. Stuttgarter Stadtmeisterschaft B"]
[Site "Ditzingen"]
[Date "2013.05.12"]
[Round "7.27"]
[White "Wübbens, Carsten"]
[Black "Michna, Marcus"]
[Result "1/2-1/2"]
[WhiteElo "1516"]
[BlackElo "1789"]
[PlyCount "40"]
[EventDate "2013.??.??"]
[WhiteTeam "SF Freiberg"]
[BlackTeam "TSF Ditzingen"]

1. d4 Nf6 2. c4 e6 3. Nf3 b6 4. g3 Bb7 5. Bg2 Be7 6. O-O O-O 7. Nc3 d5 8. cxd5
exd5 9. Bg5 Re8 10. Rc1 Nbd7 11. Re1 Ne4 12. Bxe7 Rxe7 13. Qc2 c5 14. e3 Rc8
15. Nd2 Nxc3 16. bxc3 Nf6 17. Qb2 Qd7 18. Nf3 Ne4 19. Nd2 Nf6 20. Nf3 Ne4
1/2-1/2

[Event "Int. Stuttgarter Stadtmeisterschaft B"]
[Site "Ditzingen"]
[Date "2013.05.12"]
[Round "7.28"]
[White "Sampalla, Simon"]
[Black "Kobald, Matthias"]
[Result "1/2-1/2"]
[WhiteElo "1473"]
[BlackElo "1774"]
[Annotator "Microsoft"]
[PlyCount "151"]
[EventDate "2013.??.??"]
[WhiteTeam "SC Gross-Sachsenheim"]
[BlackTeam "SV Stuttgart-Wolfbusch 1956 e.V."]

1. d4 Nf6 2. c4 e6 3. Bg5 Be7 4. Nc3 O-O 5. Nf3 b6 6. e3 h6 7. Bh4 a5 8. Bd3
Bb7 9. Qc2 Nc6 10. a3 Re8 11. Rc1 d6 12. e4 e5 13. d5 Na7 14. O-O Nh5 15. Bxe7
Qxe7 16. Ne2 Bc8 17. Ng3 Nf4 18. Ne1 Qg5 19. f3 h5 20. Kf2 h4 21. Ne2 Nh5 22.
Rg1 Bd7 23. b3 Nc8 24. g3 h3 25. Rb1 Ne7 26. Qc1 Qf6 27. g4 Qh4+ 28. Ng3 Nxg3
29. Rxg3 Ng6 30. Bf1 Nf4 31. Qd1 f6 32. Nd3 Kf7 33. Kg1 Qg5 34. Qd2 Rh8 35. Rd1
Rh4 36. Nf2 Rah8 37. Be2 Qg6 38. Qe3 Ke7 39. a4 Qf7 40. Bf1 R8h6 41. Nd3 Ng6
42. Nf2 Nf4 43. Nd3 Nxd3 44. Bxd3 Qg8 45. Kf2 Qc8 46. Rdg1 g5 47. Rc1 Qb7 48.
Rgg1 Rh8 49. Rc2 Qc8 50. Be2 Qb7 51. Bd3 Rc8 52. Qc1 c6 53. Qd2 Qb8 54. Qc1 Rc7
55. Qd2 Qc8 56. Qd1 Qa8 57. dxc6 Bxc6 58. Qe2 Qa7 59. Kf1 Rh8 60. Rg3 Qa8 61.
Kf2 Bd7 62. Qf1 Rcc8 63. Rxh3 Rxh3 64. Qxh3 Rh8 65. Qg2 Rh4 66. h3 Qh8 67. Bf1
Qc8 68. Ke2 Qc5 69. Qf2 Qb4 70. Qe3 Kd8 71. Rd2 Kc7 72. Qd3 Be6 73. Rd1 Qc5 74.
Qe3 Rh8 75. Qc3 Rd8 76. Ra1 {usw} 1/2-1/2

[Event "Int. Stuttgarter Stadtmeisterschaft B"]
[Site "Ditzingen"]
[Date "2013.05.12"]
[Round "7.29"]
[White "Helmbrecht, Kurt"]
[Black "Kappus, Holger"]
[Result "1-0"]
[WhiteElo "1657"]
[BlackElo "1459"]
[PlyCount "29"]
[EventDate "2013.??.??"]
[WhiteTeam "SV Fellbach"]
[BlackTeam "SC Pforzheim 1906"]

1. e4 b6 2. d4 Bb7 3. Bd3 e6 4. Nf3 Be7 5. c4 d6 6. O-O Nd7 7. Nc3 g5 8. Be3 h5
9. Nd2 Bf6 10. Rc1 Ne7 11. Bb1 Ng6 12. b4 Nf4 13. Ne2 e5 14. Nb3 Be7 15. Ng3
1-0

[Event "Int. Stuttgarter Stadtmeisterschaft B"]
[Site "Ditzingen"]
[Date "2013.05.12"]
[Round "7.30"]
[White "Shahisavandi, Abdollah"]
[Black "Petitto, Francesco"]
[Result "1/2-1/2"]
[WhiteElo "1833"]
[BlackElo "1663"]
[PlyCount "198"]
[EventDate "2013.??.??"]
[WhiteTeam "Karlsruher SF 1853"]
[BlackTeam "SK Sontheim/Brenz e.V."]

1. e4 e6 2. d4 d5 3. Nc3 dxe4 4. Nxe4 Nd7 5. Nf3 Ngf6 6. Ng3 Be7 7. Bd3 O-O 8.
h4 c5 9. c3 b6 10. Qc2 Bb7 11. Be3 Rc8 12. Qe2 Qc7 13. O-O Nd5 14. Bg5 Bxg5 15.
Nxg5 Nf4 16. Bxh7+ Kh8 17. Qc2 cxd4 18. Be4 Bxe4 19. Qxe4 Nf6 20. Qf3 dxc3 21.
bxc3 Ng6 22. Ne2 Ne5 23. Qh3 Rfd8 24. Rad1 Kg8 25. h5 Qc4 26. Rde1 Rd3 27. f3
Qc5+ 28. Nd4 Rxc3 29. Ngxe6 fxe6 30. Qxe6+ Nf7 31. Rd1 Rd8 32. Qc6 Qxc6 33.
Nxc6 Rxd1 34. Ne7+ Kh7 35. Rxd1 Nxh5 36. Rd7 Re3 37. Nf5 Kg6 38. g4 Nf6 39. Rd2
Rxf3 40. Nh4+ Kg5 41. Nxf3+ Kxg4 42. Nd4 Ne5 43. Rg2+ Kf4 44. Rxg7 Nd5 45. Rxa7
Nb4 46. Ra4 Nbd3 47. Nc2+ Kf5 48. Kf1 Nc5 49. Rb4 Ned7 50. Ke2 Ke5 51. Ke3 Nf6
52. Rh4 Nd5+ 53. Kd2 Kd6 54. Nd4 Nb4 55. Nf5+ Ke5 56. Rxb4 Kxf5 57. Rxb6 Ke4
58. Rd6 Ke5 59. Rd8 Ne6 60. Rc8 Kd6 61. Kc3 Nc7 62. Kb4 Kd7 63. Rh8 Kc6 64.
Rh6+ Kb7 65. a4 Na6+ 66. Kc4 Nc7 67. Rh7 Kb6 68. a5+ Kc6 69. Rh6+ Kb7 70. Rh1
Ka6 71. Rh5 Ne8 72. Kb4 Nc7 73. Rh6+ Kb7 74. Rb6+ Ka7 75. Kc5 Na6+ 76. Kc6 Nb8+
77. Kc7 Na6+ 78. Kc8 Nc5 79. Rh6 Nb3 80. a6 Nc5 81. Rh5 Nxa6 82. Rb5 Ka8 83.
Ra5 Ka7 84. Rb5 Ka8 85. Kd7 Nb8+ 86. Kc7 Na6+ 87. Kc8 Ka7 88. Kd7 Nb8+ 89. Kc7
Na6+ 90. Kc8 Ka8 91. Rb1 Ka7 92. Rb5 Ka8 93. Kd7 Nb8+ 94. Kd6 Ka7 95. Rb1 Na6
96. Kc6 Nb8+ 97. Kc7 Na6+ 98. Kd6 Ka8 99. Rb5 Ka7 1/2-1/2

[Event "Int. Stuttgarter Stadtmeisterschaft B"]
[Site "Ditzingen"]
[Date "2013.05.12"]
[Round "7.31"]
[White "Strauss, Martin"]
[Black "Gheng, Dominik"]
[Result "0-1"]
[WhiteElo "1792"]
[BlackElo "1635"]
[PlyCount "68"]
[EventDate "2013.??.??"]
[WhiteTeam "SC Sillenbuch"]
[BlackTeam "TSV Schönaich"]

1. e4 c5 2. Nf3 d6 3. d4 cxd4 4. Nxd4 Nf6 5. Nc3 g6 6. Be3 Bg7 7. Be2 O-O 8.
Qd2 Nc6 9. h3 d5 10. Nxc6 bxc6 11. Rd1 Bb7 12. e5 Nd7 13. f4 e6 14. b4 a5 15.
Bc5 axb4 16. Ne4 Bc8 17. Bxf8 Bxf8 18. Nf2 Rxa2 19. Nd3 b3 20. Rc1 Ba3 21. O-O
Bxc1 22. Nxc1 Rxc2 23. Qd1 Qb6+ 24. Kh1 Nc5 25. f5 Ne4 26. fxg6 Ng3+ 27. Kh2
Nxf1+ 28. Qxf1 hxg6 29. Bd3 Qf2 30. Nxb3 Qxf1 31. Bxf1 c5 32. Na5 c4 33. Nc6
Bd7 34. Nd4 Rb2 0-1

[Event "Int. Stuttgarter Stadtmeisterschaft B"]
[Site "Ditzingen"]
[Date "2013.05.12"]
[Round "7.32"]
[White "Winkler, Alex"]
[Black "Zaytsev, Evgeny"]
[Result "0-1"]
[WhiteElo "1590"]
[BlackElo "1733"]
[PlyCount "108"]
[EventDate "2013.??.??"]
[WhiteTeam "SF Deizisau"]
[BlackTeam "Stuttgarter SF 1879"]

1. e4 e5 2. Nf3 Nc6 3. Bb5 a6 4. Ba4 Nf6 5. d3 d6 6. Nc3 Be7 7. Be3 b5 8. Bb3
O-O 9. O-O Na5 10. Qd2 Nxb3 11. axb3 Bg4 12. Nh4 Nxe4 13. dxe4 Bxh4 14. f3 Be6
15. g3 Be7 16. Nd5 f5 17. Nxe7+ Qxe7 18. exf5 Bxf5 19. Rf2 Qe8 20. Rd1 Be6 21.
f4 e4 22. Qd4 Qc6 23. Kg2 Rf5 24. Rfd2 Re8 25. Kg1 Rc5 26. Rc1 Bxb3 27. Qb4
Rxc2 28. Qxb3+ Rc4 29. Rdc2 d5 30. Rxc4 bxc4 31. Qc3 h5 32. Kg2 Rb8 33. Qe5 h4
34. Bd4 Qd7 35. Qh5 c5 36. Be5 Rb3 37. Qxh4 d4 38. Rc2 d3 39. Rc1 e3 40. Qh5 e2
41. Bc3 Rxc3 42. bxc3 d2 43. Rb1 d1=Q 44. Rb8+ Qd8 45. Rxd8+ Qxd8 46. Qxe2 Qd5+
47. Kh3 Kf8 48. Qg4 Kf7 49. Qc8 Qe6+ 50. Qxe6+ Kxe6 51. Kh4 a5 52. Kg5 Kf7 53.
h4 a4 54. h5 a3 0-1

[Event "Int. Stuttgarter Stadtmeisterschaft B"]
[Site "Ditzingen"]
[Date "2013.05.12"]
[Round "7.33"]
[White "Gheng, Christian"]
[Black "Steinmassl, Guido"]
[Result "1/2-1/2"]
[WhiteElo "1696"]
[BlackElo "1599"]
[PlyCount "75"]
[EventDate "2013.??.??"]
[WhiteTeam "TSV Schönaich"]
[BlackTeam "SK e4 Gerlingen"]

1. e4 e6 2. d4 d5 3. Nd2 Nd7 4. e5 c5 5. c3 Ne7 6. f4 Nc6 7. Ndf3 Qb6 8. Ne2
cxd4 9. Nexd4 Bc5 10. g3 a5 11. Qb3 Nxd4 12. cxd4 Bxd4 13. Nxd4 Qxd4 14. Qe3
Qb4+ 15. Kf2 Nc5 16. Bg2 O-O 17. Bd2 Qb5 18. a4 Qd3 19. Bf1 Ne4+ 20. Ke1 Qxd2+
21. Qxd2 Nxd2 22. Kxd2 Bd7 23. Bd3 Rac8 24. Rhc1 Rxc1 25. Kxc1 Rc8+ 26. Kd2 Kf8
27. b3 Ke7 28. g4 g6 29. Rf1 Rg8 30. Rg1 f5 31. g5 Rb8 32. Rc1 Bc6 33. Rc5 Ra8
34. Bb5 Kd7 35. Be2 b6 36. Rc3 Rc8 37. Bb5 Rc7 38. h4 1/2-1/2